| 000 | nam a22 a 4500 | ||
|---|---|---|---|
| 999 |
_c326676 _d326676 |
||
| 003 | BLK | ||
| 005 | 20201007040522.0 | ||
| 008 | 181123b bu ||||| |||| 00| 0 bu d | ||
| 020 | _a9789542316107 | ||
| 040 | _aBLK | ||
| 041 |
_aBUL _cBUL |
||
| 080 |
_aНационалноосвободителното движение в България (1856-1877) _b94(497.2)"1856/1877" _z94(497.2)"1856/1877" |
||
| 080 |
_aВасил Иванов Кунчев, известен и като Апостола на свободата, идеолог и организатор на българската национална революция, национален герой _b929 Левски, Васил _z929 Левски, Васил |
||
| 100 | 1 |
_aРъжгев, Бойко Павлов _eпърви автор _91299 |
|
| 139 |
_aРъжгев, Бойко Павлов _bЛ 36 |
||
| 245 | _aЗа Отечеството работим, Байо! | ||
| 260 |
_9391004 _aСвищов _bАкад. изд. "Ценов" _c2017 г. _fПолиграфическа база на Академично издателство "Ценов" - Свищов |
||
| 300 |
_a301 с. _bс ил., факс. _c24 см |
||
| 380 | _a9 | ||
| 490 |
_9203335 _aПоредица Интересно и малко известно |
||
| 500 | _aБиогр. данни за авт. отбелязани на гърба на кор. | ||
| 650 | 7 |
_aЛевски, Васил _9160171 |
|
| 653 | 7 |
_9182637 _aбългарска история |
|
| 653 | 7 |
_9181990 _aбиографии |
|
| 700 |
_9390421 _aАлександрова, Милена _eпредпечат |
||
| 700 |
_9639 _aАлександрова, Милена _eкомпютърна обраб. |
||
| 852 | _aЦб 291897 | ||
| 942 |
_cKNG _n0 |
||
| 944 |
_aCR _c2018-11-23 _kТони Тончев _l2018-11-23 |
||
| 999 | _d326676 | ||
| 999 | _d326676 | ||